| 000 | 00895nam a2200277 i 4500 | ||
|---|---|---|---|
| 001 | 147016 | ||
| 003 | ES-MaACL | ||
| 005 | 20250927164029.0 | ||
| 007 | t| | ||
| 008 | 070920s1985 sp ||||1| spa d | ||
| 020 | _a84-7335-069-3 | ||
| 080 | _a23 Luther, Martin | ||
| 080 | _a929 Savonarola, Girolamo | ||
| 080 | _a27"14/15" | ||
| 100 | 1 |
_aTuriel, Pedro. _9111705 |
|
| 245 | 1 | 0 |
_aLutero-Savonarola _b: tempestad sobre la iglesia / _cPedro Turiel. |
| 260 |
_aMadrid : _bVassallo de Mumbert, _c1985. |
||
| 300 |
_a435 p. ; _c24 cm. |
||
| 490 | 1 | _aColección de biografías, nacer, hacer, morir | |
| 600 | 1 | 4 |
_aLuther, Martin. _974872 |
| 600 | 0 | 4 |
_aSavonarola, Girolamo, _d1452-1498 _9104085 |
| 650 | 1 | 7 |
_aReforma _2embne _916717 |
| 830 | 0 |
_aColección de biografías, nacer, hacer, morir _9220899 |
|
| 852 |
_aES-MaACL _jL-11620 _bR.113429 |
||
| 999 |
_c147016 _d147016 |
||